Statistics for Portuguese Districts

Click here to take the quiz!

General Stats

  • This quiz has been taken 15 times
  • The average score is 12 of 19

Answer Stats

Answer% Correct
Lisbon
100%
Porto
93%
Faro
86%
Braga
79%
Évora
79%
Beja
71%
Bragança
71%
Castelo Branco
71%
Coimbra
71%
Setúbal
64%
Viana do Castelo
64%
Viseu
64%
Guarda
57%
Vila Real
57%
Leiria
50%
Santarém
50%
Portalegre
43%
Azores
29%
Aviero
21%

Score Distribution

Percentile by Number Answered

Percent of People with Each Score

Your Score History

You have not taken this quiz